000 00380nam a2200145Ia 4500
008 230917s9999||||xx |||||||||||||| ||und||
040 _e116123
_aMAIN
041 _aEnglish
082 _a667.9 R423A
100 _aRickerby, D S, ed.
245 0 _aAdvanced surfae coatings: A handbook of surface engineering
260 _aLondon
_bBlackie
_c1991
300 _a368 p.
942 _cBK
999 _c75375
_d75375